000 00407pam a2200157a 44500
008 230515b0 xxu||||| |||| 00| 0 eng d
020 _a2004-07-10
041 _aNULL
082 _a"""621.3813/MAT
100 _a1999 IEEE MTT-S INTER-NATIONAL MICROWAVE SYMPOSIUM DIGEST VOL.3
245 _aNULL
250 _aIEEE MTT-S
260 _aNULL
_bMATLOUBRIAN M. PONTI E.
_c0
300 _a0
650 _a8423.83
999 _c654324
_d654324